|
|
|
|
| LEADER |
00000nab#a22000007a#4500 |
| 001 |
arbauad015924 |
| 003 |
AR-BaUAD |
| 005 |
20250711111452.0 |
| 008 |
951213|||||||||###||||||b###|0###a|spa|| |
| 040 |
|
|
|a AR-BaUAD
|c AR-BaUAD
|b spa
|
| 245 |
1 |
0 |
|a Arts fusion
|
| 300 |
0 |
|
|b cortes, fot., plantas
|
| 653 |
|
|
|a CENTROS DE ARTE
|
| 653 |
|
|
|a CALIFORNIA
|
| 653 |
|
|
|a ESTADOS UNIDOS
|
| 653 |
|
|
|a MOORE-RUBLE-YUDELL
|
| 653 |
|
|
|a YUDELL, BUZZ
|
| 653 |
|
|
|a MOORE, CHARLES
|
| 653 |
|
|
|a RUBLE, JOHN
|
| 653 |
|
|
|a CENTROS CULTURALES
|
| 773 |
0 |
|
|t Architecture
|g [dic. 1994], p. 48-57
|
| 942 |
|
|
|c ARTI
|
| 952 |
|
|
|0 0
|1 0
|4 0
|7 0
|9 60844
|a AR-BAuAD
|b AR-BAuAD
|d 2025-07-11
|l 0
|p AAQA015924
|r 2025-07-11 11:14:52
|w 2025-07-11
|y ARTI
|
| 990 |
|
|
|a AQ199
|b TD
|
| 998 |
|
|
|a AAQ
|b BIBUN76
|
| 999 |
|
|
|c 40517
|d 40517
|